In Davies and others' application (Record no. 65990)

MARC details
000 -LEADER
fixed length control field 01907cam a2200277 4500
001 - CONTROL NUMBER
control field ABS63478
008 - FIXED-LENGTH DATA ELEMENTS--GENERAL INFORMATION
fixed length control field 000000n2001 000 0 eng u
035 ## - SYSTEM CONTROL NUMBER
System control number (Sirsi) u110722
245 ## - TITLE STATEMENT
Title In Davies and others' application
260 ## - PUBLICATION, DISTRIBUTION, ETC.
Date of publication, distribution, etc. 2001
490 ## - SERIES STATEMENT
Series statement Estates Gazette
Volume/sequential designation [2001] 03 EG 134-139(6)
520 ## - SUMMARY, ETC.
Summary, etc. LT 5 October 2000. Two of the applicants, Mr and Mrs Davies, acquired a detached house and redundant agricultural buildings (the stables) from the SoS Wales acting on behalf of the Forestry Commission. Having obtained planning permission to convert the stables the Davies applied to have a restrictive covenant, requiring them to obtain permission from the vendor before altering any of the existing buildings or erecting new structures, discharged or reworded. The Davies, together with a third applicant Mr Murphy, contended that the covenant was either obsolete under Law of Property Act 1925 s84(1)(a) or that the proposed discharge or modification would not injure the persons entitled to the benefit under s84(1)(c). The first ground was rejected as it provided the Forestry Commission (the objector) with a means of control over development on the land but it was ruled that the covenant should be reworded under the second to allow the work for which planning permission had been given to take place. Compensation of £2,450 was to be paid to the objector under ground (c)(ii) by the applicants, who were also to pay half of the objector's costs.
590 ## - LOCAL NOTE (RLIN)
Local note ABS
650 ## - SUBJECT ADDED ENTRY--TOPICAL TERM
Topical term or geographic name entry element AGRICULTURAL BUILDINGS
650 ## - SUBJECT ADDED ENTRY--TOPICAL TERM
Topical term or geographic name entry element COMPENSATION
650 ## - SUBJECT ADDED ENTRY--TOPICAL TERM
Topical term or geographic name entry element CONVERSIONS
650 ## - SUBJECT ADDED ENTRY--TOPICAL TERM
Topical term or geographic name entry element DAVIES APPLICATION
650 ## - SUBJECT ADDED ENTRY--TOPICAL TERM
Topical term or geographic name entry element DISCHARGE
650 ## - SUBJECT ADDED ENTRY--TOPICAL TERM
Topical term or geographic name entry element LAW OF PROPERTY ACT 1925 S84(1)(A)
650 ## - SUBJECT ADDED ENTRY--TOPICAL TERM
Topical term or geographic name entry element LAW OF PROPERTY ACT 1925 S84(1)(C)
650 ## - SUBJECT ADDED ENTRY--TOPICAL TERM
Topical term or geographic name entry element MODIFICATION
650 ## - SUBJECT ADDED ENTRY--TOPICAL TERM
Topical term or geographic name entry element PLANNING PERMISSION
650 ## - SUBJECT ADDED ENTRY--TOPICAL TERM
Topical term or geographic name entry element RESTRICTIVE COVENANTS
690 ## - LOCAL SUBJECT ADDED ENTRY--TOPICAL TERM (OCLC, RLIN)
Topical term or geographic name as entry element PROPERTY AND LAND LAW-CASE LAW
942 ## - ADDED ENTRY ELEMENTS (KOHA)
Suppress in OPAC 0
Holdings
Withdrawn status Lost status Source of classification or shelving scheme Damaged status Not for loan Home library Current library Shelving location Date acquired Total Checkouts Full call number Barcode Date last seen Copy number Price effective from Koha item type
    Dewey Decimal Classification     London London Journal article 01/02/2001   ABS63478 110722-1001 06/08/2019 1 06/08/2019 Law report